Southville International School and Colleges
Your cart is empty.
  • Cart
  • Lists
    Public lists list_1 View all
    Your lists Log in to create your own lists
  • Log in to your account
  • Your cookies
  • Search history
Southville International School and Colleges
  • Advanced search
  • Recent comments
  • Most popular
  • Libraries

Log in to your account

Log in with GOOGLE


If you do not have an external account, but do have a local account, you can still log in:

  1. Home
  2. MARC view: A bar oriented approach to the law on obligations and contracts /
Normal view MARC view ISBD view

A bar oriented approach to the law on obligations and contracts / (Record no. 305375)

[ view plain ]
MARC details
000 -LEADER
fixed length control field 00522nam a22001697a 4500
003 - CONTROL NUMBER IDENTIFIER
control field SISC
005 - DATE AND TIME OF LATEST TRANSACTION
control field 20170109162928.0
008 - FIXED-LENGTH DATA ELEMENTS--GENERAL INFORMATION
fixed length control field 170109b xxu||||| |||| 00| 0 eng d
020 ## - INTERNATIONAL STANDARD BOOK NUMBER
International Standard Book Number 9786210200607
050 ## - LIBRARY OF CONGRESS CALL NUMBER
Classification number KPM 810
Item number .Ul37 2016
100 ## - MAIN ENTRY--PERSONAL NAME
Personal name Ulep, Mauricio C.
245 ## - TITLE STATEMENT
Title A bar oriented approach to the law on obligations and contracts /
Statement of responsibility, etc Atty. Mauricio C. Ulep.
250 ## - EDITION STATEMENT
Edition statement 2016 edition.
260 ## - PUBLICATION, DISTRIBUTION, ETC. (IMPRINT)
Place of publication, distribution, etc Quezon City :
Name of publisher, distributor, etc Cental Book Supply, Inc.,
Date of publication, distribution, etc 2016.
300 ## - PHYSICAL DESCRIPTION
Extent xix, 418 pages ;
Dimensions 23 cm.
942 ## - ADDED ENTRY ELEMENTS (KOHA)
Source of classification or shelving scheme Library of Congress Classification
Koha item type Books
Holdings
Withdrawn status Lost status Source of classification or shelving scheme Damaged status Home library Current library Shelving location Date acquired Source of acquisition Total Checkouts Total Renewals Full call number Barcode Date last seen Date checked out Price effective from Koha item type
    Library of Congress Classification   College Library College Library Filipiniana Section 01/09/2017 Library Fund 1 3 KPM 810 .Ul37 2016 C20833 03/04/2020 02/05/2020 01/09/2017 Books

A bar oriented approach to the law on obligations and contracts /

APA

Ulep M. C., . (2016). A bar oriented approach to the law on obligations and contracts. Quezon City: Cental Book Supply, Inc.

Chicago

Ulep Mauricio C, . 2016. A bar oriented approach to the law on obligations and contracts. Quezon City: Cental Book Supply, Inc.

Harvard

Ulep M. C., . (2016). A bar oriented approach to the law on obligations and contracts. Quezon City: Cental Book Supply, Inc.

MLA

Ulep Mauricio C, . A bar oriented approach to the law on obligations and contracts. Quezon City: Cental Book Supply, Inc. 2016.

  • Place hold
  • Print
  • Cite
  • Add to your cart (remove)
  • Save record
    BIBTEX Dublin Core MARCXML MARC (non-Unicode/MARC-8) MARC (Unicode/UTF-8) MARC (Unicode/UTF-8, Standard) MODS (XML) RIS
  • More searches
    Search for this title in:
    Other Libraries (WorldCat) Other Databases (Google Scholar) Online Stores (Bookfinder.com) Open Library (openlibrary.org)

Exporting to Dublin Core...

SOUTHVILLE LIBRARY

Southville International School and Colleges Library

1281 Tropical Ave. Cor. Luxembourg St., BF Homes International, Las Pinas City

Tel. No. 8256374 / 252358 Loc. 117/146

Powered by Koha